000 00489nam a2200205Ia 4500
003 OSt
005 20220928152055.0
006 a|||||r|||| 00| 0
007 ta
008 220927b |||||||| |||| 00| 0 eng d
024 _a143720
037 _cTextual
040 _aSDCL
_cSDCL
_beng
041 _2eng
_aeng
082 _aB245, L6
100 _aWelsh D J A
_9518981
245 0 _aMatroid theory
942 _hB245, L6
_cTEXL
_2CC
999 _c854160
_d854160